[Event "Hillerod"]
[Site "Hillerod"]
[Date "1980.??.??"]
[Round "5"]
[White "Reinert, Mads"]
[Black "Jensen, Allan"]
[Result "1-0"]
[WhiteElo "2200"]
[BlackElo "2245"]
[PlyCount "55"]
[EventDate "1980.??.??"]
[Source "ChessBase"]

1. e4 e5 2. f4 exf4 3. Nf3 Nf6 4. e5 Nh5 5. Be2 d5 6. O-O Nc6 7. d4 Bg4 8. Ne1 Bxe2 9. Qxe2 Qh4 10. c3 O-O-O 11. Nd3 g5 12. Nd2 Ng7 13. b4 Ne6 14. Nc5 Bxc5 15. bxc5 g4 16. Rb1 f3 17. Qb5 Nf4 18. Nxf3 gxf3 19. Bxf4 Qxf4 20. Rxf3 Qe4 21. Qxb7+ Kd7 22. Rxf7+ Ne7 23. Qb5+ Kc8 24. Rxe7 Qxb1+ 25. Qxb1 Rde8 26. c6 Rxe7 27. Qb7+ Kd8 28. Qb8# 1-0

[Event "Lippstadt op"]
[Site "Lippstadt"]
[Date "2000.??.??"]
[Round "?"]
[White "Henrichs, Thomas"]
[Black "Chapman, Alan"]
[Result "1-0"]
[WhiteElo "2428"]
[BlackElo "2009"]
[PlyCount "63"]
[EventDate "2000.06.??"]
[Source "www.chesslib.no"]
[SourceDate "2004.05.04"]

1. e4 e5 2. f4 exf4 3. Nf3 Nf6 4. e5 Nh5 5. d4 d5 6. Be2 g6 7. O-O Be6 8. Ne1 Ng7 9. Bxf4 g5 10. Be3 Nf5 11. Bf2 Nc6 12. c3 Nce7 13. Nd3 Ng6 14. Na3 c6 15. Nc2 Nf4 16. Bf3 Nxd3 17. Qxd3 h5 18. Bxh5 Rxh5 19. g4 Ne3 20. Nxe3 Rh3 21. Bg3 Qd7 22. Kg2 Bxg4 23. Nxg4 Qxg4 24. e6 Bd6 25. exf7+ Kf8 26. Qf3 Qxf3+ 27. Rxf3 Bxg3 28. Kxh3 Bf4 29. Kg4 Kxf7 30. h4 Kg6 31. Re1 Rg8 32. Re7 1-0

[Event "LLS_SiemMünchen-Haunstetten"]
[Site "?"]
[Date "2004.04.25"]
[Round "9.2"]
[White "Joerg Harald"]
[Black "Lang Zalan Andreas"]
[Result "0-1"]
[WhiteElo "2213"]
[BlackElo "2222"]
[PlyCount "82"]
[EventDate "2004.??.??"]
[Source "www.chesslib.no"]
[SourceDate "2004.05.04"]

1. e4 e5 2. f4 exf4 3. Nf3 Nf6 4. Nc3 Bb4 5. Bc4 Qe7 6. e5 d6 7. Qe2 dxe5 8. Nxe5 O-O 9. d4 Bf5 10. O-O c5 11. Rxf4 cxd4 12. Rxf5 dxc3 13. Bg5 Nc6 14. Bxf6 gxf6 15. Qg4+ Kh8 16. Nd3 Qe3+ 17. Kh1 Rae8 18. Qh4 Qd4 19. Rf4 cxb2 20. Raf1 Qc3 21. Qh6 f5 22. Rxf5 Qg7 23. Qxg7+ Kxg7 24. Nxb2 Ne5 25. Bb3 Bc3 26. Nd3 f6 27. h3 Nc6 28. Nf4 Nd4 29. Rd5 Nxb3 30. axb3 Rf7 31. Nh5+ Kh6 32. Ng3 Re5 33. Rxe5 Bxe5 34. Nf5+ Kg5 35. g4 Rc7 36. Rf2 Rc3 37. Kg2 a5 38. Re2 b5 39. Ne3 a4 40. h4+ Kxh4 41. bxa4 bxa4 0-1

[Event "FRA, Team Ch N1 2004/05 rounds 8-10"]
[Site "?"]
[Date "2005.05.06"]
[Round "9.8"]
[White "Leroy Christophe"]
[Black "Herbrechtsmeier Christer"]
[Result "0-1"]
[WhiteElo "2144"]
[BlackElo "2290"]
[PlyCount "74"]
[EventDate "2005.??.??"]
[Source "www.chesslib.no"]
[SourceDate "2004.05.04"]

1. e4 e5 2. f4 exf4 3. Nf3 Nf6 4. e5 Nh5 5. Qe2 g5 6. d4 g4 7. Nfd2 Qh4+ 8. Kd1 Nc6 9. d5 Ne7 10. Nc3 Ng6 11. Nb5 Kd8 12. d6 c6 13. Nc7 Rb8 14. b3 f6 15. Bb2 fxe5 16. Nc4 Bg7 17. Nxe5 Nxe5 18. Bxe5 Qg5 19. Bxg7 Nxg7 20. c4 Qf6 21. Kc2 Qxd6 22. Qxg4 Qg6+ 23. Qxg6 hxg6 24. Bd3 g5 25. Rhe1 Kxc7 26. Re7 Ne6 27. h3 b5 28. Re1 bxc4 29. Bxc4 Nd4+ 30. Kc3 Nf5 31. Rf7 Ne3 32. Re2 Bb7 33. Rd2 Nd5+ 34. Bxd5 cxd5 35. Kd4 Rbe8 36. Rc2+ Kd6 37. Rf6+ Re6 0-1

[Event "II Open internazionale"]
[Site "Conegliano Veneto ITA"]
[Date "2008.06.01"]
[Round "3"]
[White "Lazzeri Santos, Gerardo"]
[Black "Tamai, Roberto"]
[Result "0-1"]
[WhiteElo "2112"]
[BlackElo "2290"]
[PlyCount "58"]
[EventDate "2008.05.31"]
[Source "www.chesslib.no"]
[SourceDate "2004.05.04"]

1. e4 e5 2. f4 exf4 3. Nf3 Nf6 4. e5 Nh5 5. d4 d6 6. Bc4 d5 7. Be2 Bg4 8. O-O g5 9. c3 h6 10. Ne1 Bxe2 11. Qxe2 Ng7 12. Qb5+ Qd7 13. Qxb7 Qc6 14. Qc8+ Ke7 15. b3 Nd7 16. Qxa8 Qxa8 17. g3 Ne6 18. gxf4 gxf4 19. Nd3 h5 20. Ba3+ Ke8 21. Nxf4 Nxf4 22. Bxf8 Nh3+ 23. Kg2 Nxf8 24. Kxh3 Qc8+ 25. Kg3 Rg8+ 26. Kf2 Qf5+ 27. Ke1 Qe4+ 28. Kd1 Qd3+ 29. Nd2 Rg2 0-1

[Event "Timisoara zt-A women"]
[Site "Timisoara"]
[Date "1993.??.??"]
[Round "9"]
[White "Grabics, Monika"]
[Black "Krupkova-Mazakova, Petra"]
[Result "1-0"]
[WhiteElo "2185"]
[BlackElo "2210"]
[PlyCount "73"]
[EventDate "1993.??.??"]
[Source "www.chesslib.no"]
[SourceDate "2004.05.04"]

1. e4 e5 2. f4 exf4 3. Nf3 Nf6 4. e5 Nh5 5. Be2 g6 6. O-O Bg7 7. Ne1 Bxe5 8. Bxh5 gxh5 9. d4 Bf6 10. Bxf4 d5 11. h3 Be6 12. Bxc7 Qxc7 13. Rxf6 Nd7 14. Rf3 Rg8 15. Na3 h4 16. Rc3 Qf4 17. Nb5 Ke7 18. Rf3 Qe4 19. Qd2 a5 20. Rf4 Qg6 21. Rxh4 Rac8 22. Nc3 Nf6 23. Nd3 b5 24. a3 Rg7 25. Re1 Rcg8 26. Nf4 Qg5 27. Qf2 b4 28. axb4 axb4 29. Re5 bxc3 30. Rxg5 Rxg5 31. bxc3 Ne4 32. Qe1 Rc8 33. Rxh7 Rxc3 34. h4 Rgg3 35. Qb1 Rg4 36. Qb7+ Kd6 37. Qxf7 1-0

[Event "HUN-chT2 9899"]
[Site "?"]
[Date "1999.??.??"]
[Round "?"]
[White "Eberth Zoltan"]
[Black "Egri Laszlo"]
[Result "1-0"]
[WhiteElo "2235"]
[BlackElo "2150"]
[PlyCount "77"]
[EventDate "1999.??.??"]
[Source "www.chesslib.no"]
[SourceDate "2004.05.04"]

1. e4 e5 2. f4 exf4 3. Nf3 Nf6 4. e5 Nh5 5. d4 d6 6. Bc4 Nc6 7. O-O dxe5 8. Nxe5 Nxe5 9. Re1 Be7 10. Rxe5 Bg4 11. Qxg4 Qxd4+ 12. Re3 Qxc4 13. Rxe7+ Kxe7 14. Qxh5 Rhe8 15. Nc3 Kf8 16. Qh4 g5 17. Qh6+ Kg8 18. Qxg5+ Kh8 19. Qf6+ Kg8 20. Bxf4 Re6 21. Qh4 Rae8 22. Rf1 b5 23. Qg3+ Rg6 24. Qf3 c6 25. Be3 a5 26. Ne2 f6 27. Nf4 Rg5 28. c3 Qe4 29. Bd4 Qxf3 30. Rxf3 Re1+ 31. Kf2 Rb1 32. Nd3 f5 33. h4 Rg4 34. g3 Re4 35. Rxf5 Rd1 36. Ne5 Rd2+ 37. Kf3 Re1 38. Rg5+ Kf8 39. Bc5+ 1-0

[Event "HUN-chT2 0203 Maroczy"]
[Site "?"]
[Date "2002.12.08"]
[Round "4"]
[White "Balint Vilmos"]
[Black "Menyhart Tibor"]
[Result "1/2-1/2"]
[WhiteElo "2211"]
[BlackElo "2173"]
[PlyCount "115"]
[EventDate "2002.??.??"]
[Source "www.chesslib.no"]
[SourceDate "2004.05.04"]

1. e4 e5 2. f4 exf4 3. Nf3 Nf6 4. e5 Nh5 5. Bc4 d5 6. Bb3 Be7 7. O-O Nc6 8. d4 Na5 9. Ne1 Nxb3 10. axb3 g6 11. Nd3 Be6 12. Nxf4 Nxf4 13. Bxf4 O-O 14. Qd2 b6 15. Nc3 c6 16. Ne2 a5 17. Kh1 Ra7 18. Ng1 g5 19. Be3 h6 20. Qe2 Kg7 21. Rae1 Qd7 22. Qd2 Bg4 23. Rf2 a4 24. bxa4 Rxa4 25. Ref1 Bh5 26. Ne2 Bg6 27. Ng3 f5 28. exf6+ Rxf6 29. Qe2 Qe6 30. Bxg5 hxg5 31. Rxf6 Qxe2 32. Rxg6+ Kxg6 33. Nxe2 Bf6 34. c3 Ra2 35. Rf2 Ra1+ 36. Ng1 c5 37. dxc5 bxc5 38. g3 d4 39. cxd4 Bxd4 40. Rg2 Rb1 41. h3 c4 42. Kh2 Rxb2 43. Nf3 Bf6 44. g4 c3 45. Ne1 Be5+ 46. Kg1 Bf4 47. Kf1 Kf6 48. Re2 Rd2 49. Nc2 Rd3 50. Nb4 Rf3+ 51. Kg2 Rg3+ 52. Kf2 Rxh3 53. Nd5+ Kg6 54. Re6+ Kf7 55. Nxf4 gxf4 56. Rc6 Rg3 57. Rc4 Rxg4 58. Rxc3 1/2-1/2

[Event "SVK-chT1W 9798"]
[Site "SVK"]
[Date "1998.??.??"]
[Round "?"]
[White "Mynar, Martin"]
[Black "Sturc, Gustav"]
[Result "1/2-1/2"]
[WhiteElo "2175"]
[BlackElo "2205"]
[PlyCount "44"]
[EventDate "1998.??.??"]
[Source "www.chesslib.no"]
[SourceDate "2004.05.04"]

1. e4 e5 2. f4 exf4 3. Nf3 Nf6 4. e5 Nh5 5. Qe2 Be7 6. d4 O-O 7. Nfd2 g6 8. Nc3 d6 9. Nf3 Bg4 10. Bd2 Nc6 11. O-O-O Nxd4 12. Qe4 dxe5 13. Qxb7 Bd6 14. Bc4 Rb8 15. Qe4 Bf5 16. Qe1 Nxc2 17. Qg1 Na3 18. Bb3 Rxb3 19. axb3 Qb8 20. Qf2 Qxb3 21. Be1 Bc5 22. Qe2 Be3+ 1/2-1/2

[Event "Nova Open"]
[Site "?"]
[Date "2004.07.04"]
[Round "6"]
[White "Langedijk Ardjan"]
[Black "Cornelisse Johnny J.A"]
[Result "1-0"]
[WhiteElo "2201"]
[BlackElo "2177"]
[PlyCount "91"]
[EventDate "2004.??.??"]
[Source "www.chesslib.no"]
[SourceDate "2004.05.04"]

1. e4 e5 2. f4 exf4 3. Nf3 Nf6 4. e5 Nh5 5. Be2 d6 6. d4 dxe5 7. dxe5 Qxd1+ 8. Bxd1 g6 9. Nc3 Bb4 10. Bd2 Nc6 11. a3 Ba5 12. b4 Bb6 13. Nd5 Be6 14. Nxb6 axb6 15. Ng5 Ng7 16. O-O h6 17. Nxe6 Nxe6 18. Bc3 O-O 19. Bg4 Rad8 20. Rf2 Ne7 21. Raf1 Nd5 22. Bd2 g5 23. g3 Ne3 24. Bxe3 fxe3 25. Re2 Nd4 26. Rxe3 Nxc2 27. Rc3 Rd2 28. Bh5 c6 29. Rcf3 Rd7 30. e6 Re7 31. exf7+ Kg7 32. Rf6 Re1 33. Rxe1 Nxe1 34. Re6 Nc2 35. Re7 Nxa3 36. Rxb7 Nc4 37. Kf2 b5 38. Ke2 Ne5 39. Rc7 Nxf7 40. Rxc6 Re8+ 41. Kf2 Re5 42. Rc7 Rf5+ 43. Ke3 Rf6 44. Rxf7+ Rxf7 45. Bxf7 Kxf7 46. Kd4 1-0

[Event "Reykjavik op"]
[Site "Reykjavik"]
[Date "1996.??.??"]
[Round "6"]
[White "Sigfusson, Sigurdur"]
[Black "Schubert, Hans Joachim"]
[Result "1-0"]
[WhiteElo "2245"]
[BlackElo "2120"]
[PlyCount "67"]
[EventDate "1996.03.??"]
[Source "ChessBase"]

1. e4 e5 2. f4 exf4 3. Nf3 Nf6 4. e5 Nh5 5. Nc3 d5 6. d4 g5 7. h4 g4 8. e6 gxf3 9. Qxf3 Nf6 10. exf7+ Kxf7 11. Bxf4 Bg4 12. Qg3 Bb4 13. Bd3 Nbd7 14. O-O Bxc3 15. bxc3 Rg8 16. Bxc7 Qf8 17. Qf4 Qg7 18. Rf2 Bh3 19. Kh2 Be6 20. Raf1 Qg4 21. Be5 Qxf4+ 22. Rxf4 Rg4 23. Rxf6+ Nxf6 24. Rxf6+ Ke7 25. Rh6 Rf8 26. Rxh7+ Kd8 27. Kg1 Rfg8 28. g3 Bd7 29. Kg2 Rf8 30. h5 Rg5 31. Bd6 Re8 32. Bf4 Rgg8 33. h6 Bc6 34. Bc7+ 1-0

[Event "Castellar op"]
[Site "Castellar"]
[Date "1999.??.??"]
[Round "2"]
[White "Calaf Rellver, Guifre"]
[Black "Costa Trave, Jaume"]
[Result "1-0"]
[WhiteElo "2250"]
[BlackElo "2106"]
[PlyCount "77"]
[EventDate "1999.11.??"]
[Source "ChessBase"]
[SourceDate "2000.01.11"]

1. e4 e5 2. f4 exf4 3. Nf3 Nf6 4. e5 Nh5 5. d4 d5 6. c4 g5 7. g4 Ng7 8. Rg1 Nc6 9. Nc3 Bb4 10. cxd5 Qxd5 11. Bd2 Bxc3 12. bxc3 h6 13. Bd3 Na5 14. Qe2 Be6 15. h4 O-O-O 16. hxg5 hxg5 17. Be4 Qc4 18. Qxc4 Nxc4 19. Nxg5 Nxd2 20. Kxd2 Rh2+ 21. Rg2 Rxg2+ 22. Bxg2 Bxg4 23. Nxf7 Rf8 24. Ng5 Nf5 25. Ne6 Rf7 26. Bxb7+ Kd7 27. Nxf4 Nxd4 28. cxd4 Rxf4 29. Ke3 Rf7 30. Rg1 Bh3 31. Rh1 Bg4 32. Rh8 Ke7 33. Bd5 Be6 34. Bxe6 Kxe6 35. Ke4 Rg7 36. Rh6+ Kd7 37. Ra6 Rg4+ 38. Kd5 c6+ 39. Kc5 1-0

[Event "Bayern-ch Bank Hofmann 3rd"]
[Site "Bad Wiessee"]
[Date "1999.10.29"]
[Round "7"]
[White "Popov, Alexander"]
[Black "Muehlbach, Peter"]
[Result "1-0"]
[WhiteElo "2153"]
[BlackElo "2198"]
[PlyCount "55"]
[EventDate "1999.10.23"]
[Source "www.chesslib.no"]
[SourceDate "2004.05.04"]

1. e4 e5 2. f4 exf4 3. Nf3 Nf6 4. e5 Nh5 5. d4 d6 6. Bc4 d5 7. Bb3 Be7 8. O-O g5 9. Nc3 g4 10. Bxd5 c6 11. Bb3 gxf3 12. Qxf3 Qxd4+ 13. Kh1 Qxe5 14. Bd2 Rg8 15. Rae1 Qg7 16. Qe2 Be6 17. Bxe6 fxe6 18. Qxh5+ Qg6 19. Qh3 Qg4 20. Qxg4 Rxg4 21. Rxe6 Kd7 22. Rh6 Na6 23. Bxf4 Rag8 24. Rxh7 Nb4 25. Rd1+ Ke8 26. Re1 R4g7 27. Rxg7 Rxg7 28. Re2 1-0

[Event "Unicorn (open)"]
[Site "?"]
[Date "2004.05.22"]
[Round "6.5"]
[White "Ochtman Henk"]
[Black "Duester Christian"]
[Result "0-1"]
[WhiteElo "2182"]
[BlackElo "2165"]
[PlyCount "120"]
[EventDate "2004.??.??"]
[Source "www.chesslib.no"]
[SourceDate "2004.05.04"]

1. e4 e5 2. f4 exf4 3. Nf3 Nf6 4. Nc3 Bb4 5. e5 Qe7 6. Be2 Ng4 7. O-O Bxc3 8. bxc3 Qc5+ 9. d4 Qxc3 10. Bd2 Qa3 11. Bxf4 Ne3 12. Bxe3 Qxe3+ 13. Kh1 O-O 14. Rb1 d5 15. exd6 cxd6 16. Rb3 Qh6 17. d5 Nd7 18. Rb4 Nc5 19. Nd2 Bd7 20. Nb3 Nxb3 21. axb3 b6 22. Bd3 f5 23. Qa1 Qf6 24. Kg1 Qxa1 25. Rxa1 g6 26. Ba6 Bc8 27. Rc4 Bxa6 28. Rxa6 Rf7 29. Rca4 Rb7 30. Kf2 Kf7 31. c4 Kf6 32. Ra2 Ke5 33. Ke3 f4+ 34. Kd3 Kf5 35. Kc3 g5 36. Kb4 g4 37. Kb5 Rc8 38. Rxa7 Rc5+ 39. Kb4 Ra5 40. Ra8 Rxa2 41. Rxa2 f3 42. Kb5 Ke4 43. Kc6 Rf7 44. gxf3+ gxf3 45. Rf2 Ke3 46. Rf1 Rf6 47. Kxb6 f2 48. b4 Rf4 49. b5 Rxc4 50. Ka6 Ke2 51. Rh1 f1=Q 52. Rxf1 Kxf1 53. b6 Ke2 54. Kb5 Rc1 55. b7 Kf3 56. h4 Ke4 57. b8=Q Rb1+ 58. Kc6 Rxb8 59. Kxd6 Rd8+ 60. Ke6 Rxd5 0-1

[Event "Czech Republic"]
[Site "?"]
[Date "2003.??.??"]
[Round "6"]
[White "Matousek Petr"]
[Black "Juricek Stanislav"]
[Result "1/2-1/2"]
[WhiteElo "2118"]
[BlackElo "2219"]
[PlyCount "35"]
[EventDate "2003.??.??"]
[Source "www.chesslib.no"]
[SourceDate "2004.05.04"]

1. e4 e5 2. f4 exf4 3. Nf3 Nf6 4. e5 Nh5 5. d4 d5 6. Be2 h6 7. c4 c6 8. cxd5 cxd5 9. O-O g5 10. Bb5+ Nc6 11. e6 Bxe6 12. Ne5 Qb6 13. Nc3 Bg7 14. Bxc6+ bxc6 15. Na4 Qb5 16. Nc3 Qb6 17. Na4 Qb5 18. Nc3 1/2-1/2

[Event "Bayern-chI Bank Hofmann"]
[Site "Bad Wiessee"]
[Date "1997.11.17"]
[Round "3"]
[White "Muehlbach, Peter"]
[Black "Breustedt, Werner"]
[Result "1/2-1/2"]
[WhiteElo "2100"]
[BlackElo "2235"]
[PlyCount "29"]
[EventDate "1997.11.15"]
[Source "ChessBase"]
[SourceDate "1998.03.09"]

1. e4 e5 2. f4 exf4 3. Nf3 Nf6 4. e5 Nh5 5. Qe2 Be7 6. d4 O-O 7. g4 fxg3 8. hxg3 Nxg3 9. Qh2 Nxh1 10. Bd3 g6 11. Qh6 d5 12. Nc3 Ng3 13. Ng5 Bxg5 14. Bxg5 f6 15. Bxg6 1/2-1/2

[Event "Corr"]
[Site "?"]
[Date "2001.05.20"]
[Round "?"]
[White "Beltran Seguer Jose Javier (E"]
[Black "Kroesinger Dieter (GER)"]
[Result "1-0"]
[WhiteElo "2090"]
[BlackElo "2228"]
[PlyCount "25"]
[EventDate "2001.??.??"]
[Source "www.chesslib.no"]
[SourceDate "2004.05.04"]

1. e4 e5 2. f4 exf4 3. Nf3 Nf6 4. Qe2 b6 5. d3 Nh5 6. Nc3 Bb4 7. Bd2 Bb7 8. O-O-O O-O 9. g4 fxg3 10. Nd4 g6 11. Nf5 Bxc3 12. Bxc3 d5 13. Nh6# 1-0

[Event "Marlboro, MA"]
[Site "?"]
[Date "2001.05.27"]
[Round "3"]
[White "Sharp Dale Eugene"]
[Black "Armes Robert"]
[Result "1-0"]
[WhiteElo "2212"]
[BlackElo "2096"]
[PlyCount "83"]
[EventDate "2001.??.??"]
[Source "www.chesslib.no"]
[SourceDate "2004.05.04"]

1. e4 e5 2. f4 exf4 3. Nf3 Nf6 4. e5 Nh5 5. d4 d6 6. Qe2 d5 7. c4 dxc4 8. Qxc4 g5 9. h4 g4 10. Ng5 Qe7 11. Nc3 Be6 12. d5 Bf5 13. Bxf4 Qc5 14. g3 h6 15. Nge4 Qxc4 16. Bxc4 Nd7 17. O-O Bb4 18. d6 c6 19. Bxh6 Bg6 20. Bf4 Nxf4 21. gxf4 Bxc3 22. Nxc3 Bf5 23. Kg2 b5 24. Bb3 Nc5 25. Kg3 b4 26. Ne2 Ne4+ 27. Kg2 Nd2 28. Rfd1 Nxb3 29. axb3 Bc2 30. Rdc1 Bxb3 31. Nd4 Bd5+ 32. Kg3 Kd7 33. Ra6 Rhc8 34. Rca1 c5 35. Rxa7+ Rxa7 36. Rxa7+ Kd8 37. h5 cxd4 38. h6 Be4 39. Rxf7 d3 40. e6 Bg6 41. Rf8+ Be8 42. h7 1-0

[Event "WchJM-U16"]
[Site "WchJM-U16 Guarapuava"]
[Date "1995.??.??"]
[Round "9"]
[White "Pilaj, Herwig"]
[Black "Prasenjit, Datta"]
[Result "1-0"]
[WhiteElo "2125"]
[BlackElo "2175"]
[PlyCount "53"]
[EventDate "1995.??.??"]
[Source "www.chesslib.no"]
[SourceDate "2004.05.04"]

1. e4 e5 2. f4 exf4 3. Nf3 Nf6 4. e5 Nh5 5. Qe2 Be7 6. d4 O-O 7. g4 fxg3 8. hxg3 Nxg3 9. Qh2 Nxh1 10. Bd3 g6 11. Bh6 Nc6 12. Nbd2 Nxd4 13. O-O-O Nxf3 14. Nxf3 Re8 15. Rxh1 d6 16. Bd2 h5 17. Rg1 Bg4 18. e6 Bf6 19. exf7+ Kxf7 20. Rxg4 hxg4 21. Qh7+ Bg7 22. Ng5+ Kf8 23. Qxg6 Qe7 24. Qf5+ Bf6 25. Nh7+ Kf7 26. Qg6+ Ke6 27. Qxg4+ 1-0

[Event "Marlboro, MA"]
[Site "?"]
[Date "2002.05.27"]
[Round "5"]
[White "Sharp Dale Eugene"]
[Black "Armes Robert"]
[Result "0-1"]
[WhiteElo "2200"]
[BlackElo "2086"]
[PlyCount "66"]
[EventDate "2002.??.??"]
[Source "www.chesslib.no"]
[SourceDate "2004.05.04"]

1. e4 e5 2. f4 exf4 3. Nf3 Nf6 4. e5 Nh5 5. d4 d6 6. Qe2 d5 7. c4 dxc4 8. Qxc4 c6 9. Be2 Be6 10. Qd3 Na6 11. Nc3 Nb4 12. Qd1 Bf5 13. O-O g6 14. Ne1 Ng7 15. Bxf4 Ne6 16. Be3 Nd5 17. Nxd5 Qxd5 18. Bf3 Be4 19. Qc2 Bxf3 20. Nxf3 Be7 21. Qa4 O-O 22. Rad1 a5 23. a3 b5 24. Qc2 a4 25. Rc1 Rac8 26. Qd2 Rfd8 27. Qf2 c5 28. dxc5 Nxc5 29. Ng5 Nd3 30. Qh4 Bxg5 31. Bxg5 Nxc1 32. Qh6 Ne2+ 33. Kh1 Qd1 0-1

[Event "HUN-chT2 9899"]
[Site "?"]
[Date "1999.??.??"]
[Round "?"]
[White "Gardos Attila"]
[Black "Vrona Mihail"]
[Result "0-1"]
[WhiteElo "2075"]
[BlackElo "2205"]
[PlyCount "80"]
[EventDate "1999.??.??"]
[Source "www.chesslib.no"]
[SourceDate "2004.05.04"]

1. e4 e5 2. f4 exf4 3. Nf3 Nf6 4. e5 Nh5 5. Bc4 d5 6. exd6 Bxd6 7. O-O O-O 8. d4 Bg4 9. Nc3 c6 10. Qd3 Nd7 11. Ne4 Bf5 12. Bd2 Ndf6 13. Nxf6+ Qxf6 14. Qc3 Rae8 15. Rae1 Be4 16. Re2 Re7 17. Ne5 Bxe5 18. dxe5 Qf5 19. Qd4 Rxe5 20. Bc3 Rfe8 21. Qd6 R5e7 22. Bd3 Qd5 23. Qxd5 Bxd5 24. Ref2 f3 25. gxf3 Nf4 26. Kh1 Nxd3 27. cxd3 Bxa2 28. Rg1 f5 29. Rfg2 g6 30. Ra1 Bd5 31. Rf2 a6 32. h4 Re2 33. Kg2 R8e3 34. Rxe2 Rxe2+ 35. Kg3 Re3 36. Kf4 Rxf3+ 37. Kg5 Re3 38. h5 Kf7 39. Bb4 Rg3+ 40. Kf4 Rg4+ 0-1

[Event "ESP-ch U18"]
[Site "?"]
[Date "2003.07.29"]
[Round "2.13"]
[White "Vallejo Diaz Jesus"]
[Black "Farran Martos Francesco Xavie"]
[Result "1-0"]
[WhiteElo "2149"]
[BlackElo "2093"]
[PlyCount "48"]
[EventDate "2003.??.??"]
[Source "www.chesslib.no"]
[SourceDate "2004.05.04"]

1. e4 e5 2. f4 exf4 3. Nf3 Nf6 4. e5 Nh5 5. Bc4 d6 6. Qe2 d5 7. Bb3 Bg4 8. Nc3 Bxf3 9. Qxf3 Qh4+ 10. Kd1 Nc6 11. Qxd5 Qg4+ 12. Ne2 Qf5 13. Ba4 Qg6 14. d3 Be7 15. Bxc6+ bxc6 16. Qf3 f5 17. exf6 Nxf6 18. Qxc6+ Kf7 19. Rf1 Rhd8 20. Qc4+ Kf8 21. Nxf4 Qg4+ 22. Rf3 Ke8 23. h3 Qg5 24. Qc6+ Kf7 1-0

[Event "Moehnesee"]
[Site "?"]
[Date "2005.08.19"]
[Round "3"]
[White "Hoffmann Udo"]
[Black "Mantler Hendrik"]
[Result "0-1"]
[WhiteElo "2196"]
[BlackElo "2039"]
[PlyCount "40"]
[EventDate "2005.??.??"]
[Source "www.chesslib.no"]
[SourceDate "2004.05.04"]

1. e4 e5 2. f4 exf4 3. Nf3 Nf6 4. e5 Nh5 5. d4 Be7 6. Be2 d6 7. O-O Bg4 8. Ne1 Bxe2 9. Qxe2 g6 10. Nd3 Nc6 11. c3 dxe5 12. dxe5 Qd5 13. Nxf4 Nxf4 14. Bxf4 O-O-O 15. a4 Rhe8 16. Kh1 Bf8 17. a5 a6 18. Ra4 f6 19. Qg4+ f5 20. Qg3 Qb5 0-1

[Event "Reil"]
[Site "?"]
[Date "2000.??.??"]
[Round "8"]
[White "Schneider Frank"]
[Black "Walter Berthold"]
[Result "0-1"]
[WhiteElo "2104"]
[BlackElo "2092"]
[PlyCount "60"]
[EventDate "2000.??.??"]
[Source "www.chesslib.no"]
[SourceDate "2004.05.04"]

1. e4 e5 2. f4 exf4 3. Nf3 Nf6 4. e5 Nh5 5. d4 d6 6. Qe2 d5 7. c4 g5 8. g4 Ng7 9. h4 Bxg4 10. hxg5 Ne6 11. Bg2 Nxd4 12. Qd3 Bxf3 13. Bxf3 dxc4 14. Qe4 Nbc6 15. Bxf4 Nxf3+ 16. Qxf3 Qd4 17. Nc3 O-O-O 18. Rd1 Qb6 19. Rxd8+ Nxd8 20. Rh2 Qg1+ 21. Kd2 Qd4+ 22. Kc1 Ne6 23. Be3 Qxe5 24. Rd2 Bc5 25. Bxc5 Nxc5 26. Qxf7 Qxg5 27. Nd5 Nd3+ 28. Kd1 Qg1+ 29. Ke2 Qe1+ 30. Kf3 Qf1+ 0-1

[Event "CZE Tschechien Ch"]
[Site "Czech Republic"]
[Date "1993.??.??"]
[Round "1"]
[White "Jadud, Otto"]
[Black "Hala, Bohumil"]
[Result "0-1"]
[WhiteElo "1970"]
[BlackElo "2215"]
[PlyCount "42"]
[EventDate "1993.??.??"]
[Source "www.chesslib.no"]
[SourceDate "2004.05.04"]

1. e4 e5 2. f4 exf4 3. Nf3 Nf6 4. e5 Nh5 5. Be2 g5 6. O-O Rg8 7. d4 d5 8. exd6 Bxd6 9. Re1 Kf8 10. c4 c6 11. c5 Bc7 12. Bc4 Ng7 13. Nc3 Be6 14. d5 cxd5 15. Bxd5 Nc6 16. Kh1 g4 17. Ng1 Qh4 18. Nb5 Nf5 19. Ne2 Bxd5 20. Nxc7 g3 21. h3 Qxh3+ 0-1

[Event "Seefeld op 11th"]
[Site "?"]
[Date "2000.09.16"]
[Round "1"]
[White "Reiter Franz"]
[Black "Schunk Thomas"]
[Result "0-1"]
[WhiteElo "1875"]
[BlackElo "2254"]
[PlyCount "80"]
[EventDate "2000.??.??"]
[Source "www.chesslib.no"]
[SourceDate "2004.05.04"]

1. e4 e5 2. f4 exf4 3. Nf3 Nf6 4. e5 Nh5 5. Bc4 d5 6. Bb3 g5 7. O-O Bh6 8. Nc3 c6 9. d4 Be6 10. Ne2 Nd7 11. Bd2 a5 12. c3 Qe7 13. Bc2 Nf8 14. b4 Ng6 15. a4 g4 16. Ne1 Qh4 17. Rb1 g3 18. h3 Qe7 19. Qc1 Qd7 20. Nd3 Bxh3 21. Ndxf4 Nhxf4 22. Nxf4 Bxf4 23. Bxf4 Bxg2 24. e6 Qxe6 25. Kxg2 Qe2+ 26. Kh3 Qh2+ 27. Kg4 h5+ 28. Kf3 Nh4+ 29. Ke3 O-O-O 30. Be5 Rde8 31. Kd3 Rxe5 32. dxe5 g2 33. Rxf7 Rg8 34. Qf4 Rg3+ 35. Kd4 g1=Q+ 36. Rxg1 Qxg1+ 37. Qf2 Qxf2+ 38. Rxf2 Nf3+ 39. Kc5 Kc7 40. e6 b6# 0-1

[Event "Caorle Open"]
[Site "Caorle ITA"]
[Date "1981.??.??"]
[Round "6"]
[White "Kariz, Peter"]
[Black "Colombo, Paolo"]
[Result "0-1"]
[WhiteElo "2000"]
[BlackElo "2080"]
[PlyCount "60"]
[EventDate "1981.??.??"]
[Source "www.chesslib.no"]
[SourceDate "2004.05.04"]

1. e4 e5 2. f4 exf4 3. Nf3 Nf6 4. Nc3 d5 5. e5 Ne4 6. d3 Nxc3 7. bxc3 g5 8. g3 Nc6 9. d4 Bf5 10. Bd3 Bg6 11. O-O g4 12. Nh4 f3 13. h3 Bxd3 14. Qxd3 h5 15. Rb1 Na5 16. e6 fxe6 17. Qg6+ Kd7 18. hxg4 hxg4 19. Qxg4 Bd6 20. Bg5 Qg8 21. Rxf3 Be7 22. Rf5 exf5 23. Qxf5+ Kc6 24. Bxe7 b6 25. Ng6 Nc4 26. Bf6 Rh7 27. Re1 Nd6 28. Ne5+ Kb7 29. Qf3 Rf8 30. g4 Ne8 0-1

[Event "FRA-chT3 Gr5 0203"]
[Site "?"]
[Date "2002.10.13"]
[Round "1"]
[White "Yche Michel"]
[Black "Gayon Benoit"]
[Result "1-0"]
[WhiteElo "2030"]
[BlackElo "2040"]
[PlyCount "97"]
[EventDate "2002.??.??"]
[Source "www.chesslib.no"]
[SourceDate "2004.05.04"]

1. e4 e5 2. f4 exf4 3. Nf3 Nf6 4. e5 Qe7 5. Be2 Ng4 6. d4 Ne3 7. Bxe3 fxe3 8. c3 d5 9. Qd3 g6 10. Qxe3 Bg7 11. Qf4 O-O 12. O-O f6 13. Qh4 Qe8 14. Na3 c6 15. Rae1 f5 16. Bd3 Be6 17. Rc1 Nd7 18. Ng5 h6 19. Nxe6 Qxe6 20. c4 Nb6 21. c5 Nd7 22. b4 a6 23. Nc2 Rfe8 24. a4 Qe7 25. Qg3 Qg5 26. Qxg5 hxg5 27. g4 f4 28. Bxg6 Re7 29. Rf3 Nf8 30. Bf5 Bh6 31. Rcf1 Ne6 32. Rh3 Kg7 33. Rh5 Rh8 34. h4 gxh4 35. Bxe6 Rxe6 36. Rxh4 Rg6 37. Kf2 Bg5 38. Rxh8 Kxh8 39. Rh1+ Kg7 40. Kf3 Re6 41. Ne1 Re8 42. Nd3 Rf8 43. Rh2 Kg6 44. Rb2 Kg7 45. Rh2 Kg6 46. Rh5 Bh6 47. e6 Bg5 48. Ne5+ Kf6 49. Nd7+ 1-0